| 000 | 00000nam##2200000za#4500 |
| 001 | 9.638142 |
| 003 | CaOODSP |
| 005 | 20210624221535 |
| 007 | cr ||||||||||| |
| 008 | 150407|2008||||xxc|||||o f|0| 0 fre|d |
| 020 | |a978-1-896997-83-4 |
| 040 | |aCaOODSP|bfre |
| 043 | |an-cn--- |
| 086 | 1 |aEn108-4/51-2008F-PDF |
| 110 | 1 |aCanada.|bConseil canadien des ministres de l'environnement. |
| 245 | 10|aCharges critiques de dépôts acides dans les sols forestiers – Profil de la situation au Canada |h[ressource électronique] |
| 260 | |bConseil canadien des ministres de l'environnement |c2008. |
| 300 | |a10p.|bcartes en couleur |
| 500 | |a"Rapport préparé pour le Groupe de travail sur les pluies acides du CCME" |
| 590 | |a11-01-Supp|b2011-01-11 |
| 775 | 08|tA national picture of acid deposition critical loads for forest soils in Canada |w(CaOODSP)9.693940 |
| 856 | 40|ahttp://publications.gc.ca|qPDF|s246 Ko|uhttps://publications.gc.ca/collections/collection_2010/ccme/En108-4-51-2008-fra.pdf |
| 986 | |aPN 1413 |